000 00334nam a2200121Ia 4500
008 230907s9999||||xx |||||||||||||| ||und||
082 _a658.47
_bOLS
100 _aOlsen, William P.
_9115910
245 4 _aThe anti-corruption handbook :
260 _aJohn Wiley & Sons,
_bHoboken, N.J. :
_c2010
300 _axix, 172 p. :
942 _cBK
999 _c600124
_d600124